[Event "It (open) \"]
[Site "masterchessopen.com - Perm (Russia)"]
[Date "2009.11.09"]
[Round "0"]
[White "Matveeva Olga (RUS)"]
[Black "Krutko Anatoly (RUS)"]
[Result "0-1"]
[WhiteElo "2168"]
[BlackElo "2459"]

1.d4 Nf6 2.c4 e6 3.Nc3 c5 4.d5 exd5 5.cxd5 d6 6.e4 g6 7.Be2 Bg7 8.Nf3 O-O
9.O-O b6 10.h3 Re8 11.Nd2 Ba6 12.Re1 Bxe2 13.Rxe2 Nbd7 14.Nc4 Ne5 15.Nxe5 Rxe5
16.Bf4 Re8 17.Qc2 Qd7 18.Rae1 b5 19.e5 dxe5 20.Bxe5 c4 21.d6 Rac8 22.Bxf6 Rxe2
23.Qxe2 Bxf6 24.Qg4 Qxg4 25.hxg4 Rd8 26.Nxb5 Bxb2 27.Re2 Bf6 28.f4 a6 29.Nc7
Rxd6 30.Re8+ Kg7 31.Rc8 Rd8 32.Rxd8 Bxd8 33.Nxa6 Ba5 34.Kf1 c3 35.Nc5 c2
36.Nb3 Bd2 37.f5 c1=Q+ 38.Nxc1 Bxc1 39.Ke2 Ba3 40.Kf3 Kf6 41.fxg6 hxg6 42.Kg3
Kg5 43.Kh3 Kf4 44.Kh4 f6 45.g3+ Kf3 46.g5 f5 47.Kh3 Bd6 {#R} 0-1

[Event "Ch Germany (juniors) (club) (under 20)"]
[Site "masterchessopen.com - Chemnitz (Germany)"]
[Date "2009.12.30"]
[Round "7"]
[White "Oltmanns Ingmar (GER)"]
[Black "Seifert Christopher (GER)"]
[Result "0-1"]
[WhiteElo "1944"]
[BlackElo "2103"]

1.d4 Nf6 2.c4 c5 3.d5 e6 4.Nc3 exd5 5.cxd5 d6 6.e4 g6 7.Nf3 Bg7 8.Be2 O-O
9.O-O Na6 10.Bf4 Nh5 11.Be3 Nc7 12.Nd2 Nf6 13.h3 Re8 14.Qc2 Qe7 15.Rfe1 Rb8
16.a4 b6 17.Rad1 a6 18.a5 b5 19.b4 cxb4 20.Na2 Nfxd5 21.exd5 Nxd5 22.Bf3 Nc3
23.Nxc3 bxc3 24.Ne4 Bf5 25.Bd4 b4 26.g4 Bxd4 27.Rxd4 Qe5 28.Red1 Bxe4 29.Rxe4
Qxa5 30.Rxe8+ Rxe8 31.Rxd6 Qb5 32.Kg2 Re1 33.Rd8+ Kg7 34.Rd5 Qc4 35.Rd3 b3
36.Qxc3+ Qxc3 37.Rxc3 b2 38.Be4 Rxe4 39.Rb3 Re2 40.Kf3 Rc2 41.Ke4 a5 {#R} 0-1

[Event "It (open)"]
[Site "masterchessopen.com - Borovo (Croatia)"]
[Date "2010.01.04"]
[Round "4"]
[White "Ascic Anto (CRO)"]
[Black "Jurilj Zeljko (CRO)"]
[Result "1-0"]
[WhiteElo "2189"]
[BlackElo "1839"]

1.d4 Nf6 2.c4 e6 3.Nf3 c5 4.d5 exd5 5.cxd5 d6 6.Nc3 g6 7.e4 Bg7 8.Be2 O-O
9.O-O Nbd7 10.Bf4 Re8 11.Nd2 Ne5 12.h3 a6 13.a4 h6 14.Be3 g5 15.f4 gxf4
16.Bxf4 Ng6 17.Bg3 Nh7 18.Nc4 Qg5 19.Kh2 Be5 20.Qe1 Nf4 21.Qf2 Bxh3 22.gxh3
Nxe2 23.Bxe5 dxe5 24.Qxe2 Qh4 25.Qg4+ Qxg4 26.hxg4 Ng5 27.Kg3 Rad8 28.a5 Kg7
29.Rab1 f6 30.Na4 Rc8 31.Nd6 {#r} 1-0

[Event "It (sheveningen)"]
[Site "masterchessopen.com - Turin (Italy)"]
[Date "2010.01.07"]
[Round "6"]
[White "Naumkin Igor (RUS)"]
[Black "Pepino Enrico (ITA)"]
[Result "1-0"]
[WhiteElo "2483"]
[BlackElo "2205"]

1.d4 Nf6 2.c4 g6 3.Nc3 Bg7 4.e4 d6 5.Nf3 O-O 6.Be2 c5 7.d5 e6 8.O-O exd5
9.cxd5 Na6 10.Bf4 Nc7 11.a4 b6 12.Nd2 Nfe8 13.Nc4 Ba6 14.Ne3 Bxe2 15.Qxe2 Qe7
16.Qd3 a6 17.h3 Rb8 18.Nc4 f5 19.e5 dxe5 20.Nxe5 Bxe5 21.Rfe1 Qd7 22.Rxe5 Nd6
23.Qg3 Rbe8 24.Rxe8 Ncxe8 25.Re1 Ne4 26.Nxe4 fxe4 27.Bh6 Ng7 28.Rxe4 Nf5
29.Qg4 Rd8 30.Bg5 Rf8 31.Re6 Qxd5 32.Rxb6 Qe5 33.Qc4+ Kh8 34.Bf4 Qe1+ 35.Kh2
Nd4 36.Bg3 Rxf2 37.Bxf2 Qxf2 38.Rb8+ {#r} 1-0

[Event "Extraliga 2009/10"]
[Site "masterchessopen.com - Slovakia"]
[Date "2010.02.21"]
[Round "8"]
[White "Kaniansky Miroslav (SVK)"]
[Black "Jancovic Peter (SVK)"]
[Result "0-1"]
[WhiteElo "2205"]
[BlackElo "2167"]

1.d4 Nf6 2.Nf3 g6 3.c4 Bg7 4.Nc3 O-O 5.e4 d6 6.Be2 c5 7.d5 e6 8.O-O exd5
9.cxd5 Bg4 10.Be3 Nbd7 11.Nd2 Bxe2 12.Qxe2 Re8 13.Kh1 a6 14.a4 Rb8 15.a5 Qc7
16.f3 Nh5 17.g4 Nhf6 18.Nc4 Ne5 19.Nb6 Qe7 20.Bf4 Nfd7 21.Nxd7 Qxd7 22.Na4 f5
23.Nb6 Qf7 24.gxf5 gxf5 25.Rg1 Kh8 26.Raf1 Rbd8 27.Rg5 Ng6 28.Bc1 fxe4 29.fxe4
Rxe4 30.Qxe4 Qxf1+ 31.Rg1 Qf7 32.Nc4 Bd4 33.Re1 Ne5 34.b3 Qf2 35.Qe2 Qf7
36.Rf1 Qxd5+ {#R} 0-1

[Event "It \"]
[Site "masterchessopen.com - Mashhad (Iran)"]
[Date "2010.02.26"]
[Round "10"]
[White "Mirzoev Azer (AZE)"]
[Black "Shanava Konstantine (GEO)"]
[Result "0-1"]
[WhiteElo "2527"]
[BlackElo "2566"]

1.d4 g6 2.c4 Bg7 3.Nc3 c5 4.d5 d6 5.e4 Nf6 6.Nf3 O-O 7.Be2 e6 8.O-O exd5
9.cxd5 Bg4 10.Bf4 Bxf3 11.Bxf3 Ne8 12.Re1 Nd7 13.Be2 Qe7 14.Bf1 a6 15.a4 Nc7
16.a5 Rab8 17.Qc2 b5 18.axb6 Rxb6 19.Ra2 Rfb8 20.Bc1 Bd4 21.h3 Qf6 22.Nd1 Ne5
23.Kh1 h5 24.Be3 Bxe3 25.Rxe3 Nb5 26.Bxb5 axb5 27.Ra7 c4 28.Rea3 Nd3 29.Ra8
Qd4 30.f3 b4 31.Rxb8+ Rxb8 32.Ra4 h4 33.Kh2 c3 34.b3 Ne1 35.Qc1 c2 36.Ne3 Rc8
37.Ra2 Nd3 38.Nxc2 Nxc1 39.Nxd4 Nxa2 {#R} 0-1

[Event "It (open) (b)"]
[Site "masterchessopen.com - Ceriano Laghetto (Italy)"]
[Round "1"]
[White "Donghi Fabio (ITA)"]
[Black "Cervini Gian Piero (ITA)"]
[Result "0-1"]
[WhiteElo "1575"]
[BlackElo "1752"]

1.Nf3 Nf6 2.d4 g6 3.c4 Bg7 4.Nc3 d6 5.e4 O-O 6.Be2 c5 7.d5 e6 8.O-O exd5
9.cxd5 Nbd7 10.Bf4 Qb6 11.Qc2 Nh5 12.Na4 Qc7 13.Be3 a6 14.Rab1 b5 15.Nc3 Nb6
16.Nd2 Nf6 17.f3 Nfd7 18.f4 Bb7 19.Bf3 Rac8 20.Bf2 f5 21.g3 b4 22.Ne2 fxe4
23.Bxe4 Nf6 24.Rbe1 Nxe4 25.Nxe4 Bxd5 26.Ng5 h6 27.Nh3 Qd7 28.f5 Qxf5 29.Qxf5
Rxf5 30.Nhf4 Bxa2 31.Nxg6 Bf7 32.Nh4 Re5 33.Nf4 Rxe1 34.Bxe1 Bxb2 35.Nf5 Bd4+
36.Nxd4 cxd4 37.Bxb4 Bc4 38.Bxd6 Bxf1 39.Kxf1 Nc4 {#R} 0-1

[Event "Ch City (final)"]
[Site "masterchessopen.com - Novosibirsk (Russia)"]
[Date "2010.03.03"]
[Round "3"]
[White "Garder Igor (RUS)"]
[Black "Krasnov Yury (RUS)"]
[Result "1-0"]
[WhiteElo "2224"]
[BlackElo "2029"]

1.c4 Nf6 2.Nc3 g6 3.e4 d6 4.d4 Bg7 5.Nf3 O-O 6.Be2 c5 7.d5 e6 8.O-O exd5
9.cxd5 Bg4 10.Re1 a6 11.a4 Bxf3 12.Bxf3 Nbd7 13.Bf4 Qe7 14.a5 Ne5 15.Be2 Rab8
16.Qc2 Nh5 17.Bxh5 gxh5 18.Na4 h4 19.Ra3 Kh8 20.Nb6 Rg8 21.Rb3 Bf6 22.Bxe5
Bxe5 23.Nc4 Qg5 24.g3 hxg3 25.hxg3 f6 26.Kg2 Rg7 27.Rh1 Rf8 28.Rf3 Rfg8 29.Ne3
Qg6 30.Nf5 Rc7 31.Qc4 Rb8 32.Rb3 Qg5 33.Rd1 Qg4 34.Re1 h5 35.Rh1 Rh7 36.Qc2 h4
37.Rxh4 Rxh4 38.Nxh4 Kg7 39.Qd3 b5 40.axb6 Rh8 41.Qf3 {#r} 1-0

[Event "Ch Iceland (team) 2009/10"]
[Site "masterchessopen.com - Reykjavik (Iceland)"]
[Date "2010.03.06"]
[Round "7"]
[White "Jonsson Olafur Gisli (ISL)"]
[Black "Einarsson Einar Kristinn (ISL)"]
[Result "0-1"]
[WhiteElo "1891"]
[BlackElo "2046"]

1.d4 Nf6 2.Nf3 g6 3.c4 c5 4.d5 e6 5.Nc3 exd5 6.cxd5 d6 7.e4 Bg7 8.Be2 O-O
9.O-O Na6 10.h3 Nc7 11.Nd2 Rb8 12.a4 Re8 13.Bf3 a6 14.a5 b5 15.axb6 Rxb6
16.Nc4 Rb4 17.Na5 Bd7 18.Ra2 Nb5 19.Bf4 Rxb2 20.Nxb5 Rxa2 21.Nb7 Qb6 22.N5xd6
Rb8 23.Nxc5 Qxc5 24.e5 Ne8 25.Nxf7 Bf5 26.Nh6+ Bxh6 27.Bxh6 Rb1 28.Be3 Qb5
29.Qd4 Rxf1+ 30.Kh2 Re1 31.e6 Rxe3 32.Qxe3 Qb8+ 33.g3 Qd6 34.Qa7 Bxe6 35.dxe6
Qxe6 36.Kg2 Rb2 37.Qa8 Qe3 38.Bd5+ Kg7 39.Qb7+ Rxb7 40.fxe3 Ra7 41.Kf3 a5 {#R}
0-1

[Event "Tournament (Elo)"]
[Site "masterchessopen.com - Nova Resende (Brazil)"]
[Date "2010.03.19"]
[Round "3"]
[White "Morais Lima Ezequias"]
[Black "Nery Junior Jose Antonio"]
[Result "0-1"]
[WhiteElo "1753"]
[BlackElo "2027"]

1.d4 Nf6 2.c4 c5 3.d5 e6 4.Nc3 exd5 5.cxd5 d6 6.e4 g6 7.Nf3 Bg7 8.Be2 O-O
9.O-O Bg4 10.h3 Bxf3 11.Bxf3 Nbd7 12.Bf4 Qe7 13.Re1 Ne5 14.Bxe5 Qxe5 15.Qc2
Rab8 16.a4 a6 17.a5 b5 18.axb6 Rxb6 19.Na4 Rb4 20.Nc3 Rfb8 21.Reb1 Ra8 22.Ra4
Nd7 23.Rxb4 cxb4 24.Na4 Qe8 25.Bg4 Ne5 26.f4 Nxg4 27.hxg4 Rc8 28.Qd1 Qxe4
29.Rc1 Qe3+ {#R} 0-1

[Event "It (open)"]
[Site "masterchessopen.com - Heraklion (Greece)"]
[Date "2010.08.25"]
[Round "5"]
[White "Disha Beshim (ALB)"]
[Black "Klokas Konstantinos (GRE)"]
[Result "0-1"]
[WhiteElo "2043"]
[BlackElo "2161"]

1.d4 c5 2.d5 e6 3.c4 exd5 4.cxd5 Nf6 5.Nc3 d6 6.e4 g6 7.Nf3 Bg7 8.Be2 O-O
9.O-O Na6 10.Bf4 Nh5 11.Bg5 f6 12.Be3 f5 13.exf5 gxf5 14.Bg5 Bf6 15.Qd2 Nc7
16.Rfe1 Bd7 17.a4 b6 18.Bh6 Bg7 19.Bxg7 Nxg7 20.Nb5 Nce8 21.Bc4 a6 22.Nc3 Nc7
23.Ng5 Qf6 24.Ne6 Rfc8 25.Qf4 Nge8 26.Re3 b5 27.Rg3+ Kh8 28.Rg5 Bxe6 29.dxe6
Ng7 30.axb5 axb5 31.Rxa8 Rxa8 32.Nxb5 Ra1+ 33.Bf1 Nxb5 34.g4 Nxe6 35.Qxf5 Qxg5
36.Qxe6 Nd4 37.Qe8+ Qg8 38.Qd7 Nf3+ 39.Kg2 Ne5 {#R} 0-1

[Event "It (open)"]
[Site "masterchessopen.com - Kuala Lumpur (Malaysia)"]
[Date "2010.09.04"]
[Round "5"]
[White "Dutta Joydeep (IND)"]
[Black "Dzhumaev Marat (UZB)"]
[Result "0-1"]
[WhiteElo "2355"]
[BlackElo "2487"]

1.d4 g6 2.c4 Bg7 3.Nc3 c5 4.d5 d6 5.e4 e6 6.Nf3 Nf6 7.Be2 exd5 8.cxd5 O-O
9.O-O b6 10.Bg5 h6 11.Bh4 Ba6 12.Nd2 Re8 13.Re1 Bxe2 14.Qxe2 a6 15.a4 Qc7
16.Nc4 Nh5 17.Qf3 Nd7 18.g4 Nhf6 19.e5 dxe5 20.d6 Qa7 21.Bxf6 Nxf6 22.Nxe5 Nh7
23.Nc6 Ng5 24.Qg2 Qd7 25.Nd5 Qxd6 26.Red1 Bd4 27.Nxb6 Ne4 28.Nxd4 Qxb6 29.a5
Qf6 30.Nc2 Qxb2 31.Ne3 Rad8 32.Rdb1 Qf6 33.Nc4 Rd4 34.Rb6 Qf4 {#R} 0-1

[Event "It (open)"]
[Site "masterchessopen.com - Cartago (Colombia)"]
[Date "2010.11.01"]
[Round "7"]
[White "Cadena Gustavo Adolfo (COL)"]
[Black "Vacca Leonardo (COL)"]
[Result "0-1"]
[WhiteElo "2072"]
[BlackElo "2043"]

1.d4 Nf6 2.c4 e6 3.Nc3 g6 4.Nf3 c5 5.d5 exd5 6.cxd5 d6 7.e4 Bg7 8.Be2 O-O
9.O-O Bg4 10.h3 Bxf3 11.Bxf3 Nbd7 12.Be3 a6 13.a4 Rc8 14.Qb3 Rc7 15.a5 Re8
16.Qa3 h6 17.Rac1 g5 18.b4 cxb4 19.Qxb4 Nc5 20.Rfd1 Qe7 21.Qb6 Rec8 22.Qb1
Ncd7 23.Na4 Ne5 24.Be2 Ng6 25.f3 Nh5 26.Nb6 Rxc1 27.Rxc1 Rxc1+ 28.Qxc1 Nhf4
29.Bf1 Kh7 30.Qc8 Nh4 31.Qc2 Be5 32.Kh1 Nh5 33.Bf2 Kg7 34.Kg1 Nf4 35.Kh1 Nhg6
36.Nc4 Qc7 37.Bb6 Qc8 38.Qd2 Nh5 39.Bd4 Ng3+ 40.Kg1 {#R} 0-1

[Event "It (open)"]
[Site "masterchessopen.com - Belgrade (Serbia)"]
[Date "2010.11.27"]
[Round "4"]
[White "Mladenovic Aleksandar (SRB)"]
[Black "Stojanovic Nadezda (SRB)"]
[Result "0-1"]
[WhiteElo "1798"]
[BlackElo "2023"]

1.d4 Nf6 2.c4 c5 3.d5 d6 4.Nc3 g6 5.e4 Bg7 6.Nf3 O-O 7.Be2 e6 8.O-O exd5
9.cxd5 Bg4 10.h3 Bxf3 11.Bxf3 Na6 12.Re1 Nd7 13.Be2 Nc7 14.Bd3 a6 15.a4 Rb8
16.a5 b5 17.axb6 Rxb6 18.Qc2 Nb5 19.Be3 Nd4 20.Bxd4 Bxd4 21.Bxa6 Qf6 22.Ra2
Ra8 23.Rea1 Rxb2 24.Qxb2 Bxc3 25.Qb7 Rb8 26.Qxd7 Bxa1 27.Bd3 Bd4 28.Qa7 Rb3
29.Qa6 Rc3 30.g3 Qf3 31.Bf1 Qxg3+ {#R} 0-1

[Event "Memorial V. Grokhotov (cat.5)"]
[Site "masterchessopen.com - Kremenchug (Ukraine)"]
[Date "2011.01.06"]
[Round "8"]
[White "Klyuka Sergey (UKR)"]
[Black "Lyapka Ruslan"]
[Result "1-0"]
[WhiteElo "2173"]
[BlackElo "2236"]

1.d4 Nf6 2.c4 c5 3.d5 e6 4.Nc3 exd5 5.cxd5 d6 6.Nf3 g6 7.e4 Bg7 8.Be2 O-O
9.O-O Bg4 10.Nd2 Bxe2 11.Qxe2 Re8 12.h3 Na6 13.Re1 Nb4 14.Qd1 Rb8 15.Nf3 b5
16.a3 Na6 17.e5 Nd7 18.exd6 f5 19.Ng5 Ne5 20.Ne6 Qxd6 21.Bf4 g5 22.Nxg5 Nc7
23.Qh5 Qg6 24.Qxg6 hxg6 25.d6 Ne6 26.Bxe5 Nxg5 27.Bxg7 Kxg7 28.Rxe8 Rxe8
29.Nxb5 Rd8 30.Rd1 Ne6 31.Rd5 a6 32.Nc7 Kf7 33.Nxe6 Kxe6 34.Rxc5 Rxd6 35.b4
Rd1+ 36.Kh2 Kd6 37.Ra5 {#r} 1-0

[Event "Czech League 2010/11 (krajsky prebor)"]
[Site "masterchessopen.com - Czech Republic"]
[Date "2011.01.16"]
[Round "6"]
[White "Fiala Milan"]
[Black "Smajzr Martin (CZE)"]
[Result "0-1"]
[WhiteElo "1889"]
[BlackElo "2161"]

1.d4 Nf6 2.c4 c5 3.d5 e6 4.Nc3 exd5 5.cxd5 d6 6.e4 g6 7.Nf3 Bg7 8.Be2 O-O
9.O-O Na6 10.Bxa6 bxa6 11.Nd2 Rb8 12.Rb1 Ng4 13.h3 Ne5 14.Nb3 f5 15.f4 Nf7
16.e5 dxe5 17.Nxc5 e4 18.Be3 Qf6 19.Qa4 Rd8 20.Rfd1 Qd6 21.Qc4 Qc7 22.d6 Rxd6
23.Rxd6 Qxd6 24.Rd1 Qf8 25.Ne6 Bxe6 26.Qxe6 Qe8 27.Qxa6 Qe7 28.Nd5 Qb7 29.Qe6
Kh8 30.Ne7 Rf8 31.Bd4 Bxd4+ 32.Rxd4 Qb6 33.Nc6 Kg7 34.Kh2 Qxb2 35.Rd7 Qf6
36.Qxf6+ Kxf6 37.Rxa7 h5 38.a4 h4 39.a5 Nd6 40.a6 Rc8 41.Ne5 g5 42.Nd7+ Ke6
43.fxg5 e3 {#R} 0-1

[Event "Ch Romania"]
[Site "masterchessopen.com - Sarata Monteoru (Romania)"]
[Date "2011.02.17"]
[Round "8"]
[White "Pisu Robert (ROM)"]
[Black "Luncasu Raul-Ionut (ROM)"]
[Result "0-1"]
[WhiteElo "2011"]
[BlackElo "2133"]

1.d4 Nf6 2.Nf3 c5 3.d5 g6 4.c4 d6 5.Nc3 Bg7 6.e4 O-O 7.Be2 e6 8.O-O exd5
9.cxd5 Na6 10.Re1 Nc7 11.Qc2 Rb8 12.a4 a6 13.a5 Bd7 14.Bf4 Nb5 15.Nxb5 Bxb5
16.Nd2 Re8 17.Bf3 Nh5 18.Bxh5 gxh5 19.Nc4 Bxc4 20.Qxc4 Bxb2 21.Rab1 b5 22.Qe2
Bc3 23.Qxh5 Bxe1 24.Rxe1 Qf6 25.Bh6 Rxe4 26.Be3 Rbe8 27.h3 c4 28.Rf1 c3 29.Qd1
Qe5 30.Kh1 b4 31.Qa4 Qxd5 32.Rd1 Qc4 {#R} 0-1

[Event "Ch Poland (juniors) (under 18)"]
[Site "masterchessopen.com - Murzasichle (Poland)"]
[Date "2011.03.06"]
[Round "2"]
[White "Kubica Kamil (POL)"]
[Black "Sowul Bartosz (POL)"]
[Result "0-1"]
[WhiteElo "1978"]
[BlackElo "2179"]

1.d4 Nf6 2.c4 c5 3.d5 e6 4.Nc3 exd5 5.cxd5 d6 6.e4 g6 7.Nf3 Bg7 8.Be2 O-O
9.O-O Bg4 10.Qb3 Qe7 11.h3 Bxf3 12.Bxf3 Na6 13.Re1 Rab8 14.Bf4 Nd7 15.Nb5 Ne5
16.Kh1 c4 17.Qa3 Nc5 18.Bxe5 Bxe5 19.Qxa7 Bxb2 20.Rab1 Be5 21.Qa5 Qg5 22.g3
Ra8 23.Qb6 Rxa2 24.h4 Qf6 25.Kg2 c3 26.Ra1 Rfa8 27.Rxa2 Rxa2 28.Qc7 Kg7 29.h5
Rxf2+ 30.Kxf2 Nd3+ 31.Ke2 Nxe1 32.Bg4 c2 33.Na3 Bxg3 34.Nxc2 Qf2+ 35.Kd1 Nxc2
36.Qc3+ Nd4 37.Kc1 Bf4+ 38.Kb1 Qg1+ 39.Ka2 Qxg4 40.Qxd4+ Be5 41.Qc4 gxh5
42.Kb3 Qd1+ 43.Kb4 Qd4 {#R} 0-1

[Event "It (cat.6)"]
[Site "masterchessopen.com - Budapest (Hungary)"]
[Date "2011.03.10"]
[Round "6"]
[White "Natsidis Christoph (GER)"]
[Black "Neubronner Jarred (SIN)"]
[Result "1-0"]
[WhiteElo "2357"]
[BlackElo "2312"]

1.d4 Nf6 2.c4 c5 3.d5 g6 4.Nc3 Bg7 5.Nf3 O-O 6.e4 d6 7.Be2 e6 8.O-O exd5
9.cxd5 Bg4 10.Re1 Na6 11.h3 Bxf3 12.Bxf3 Nd7 13.Be3 Nc7 14.a4 Re8 15.Qd2 a6
16.Be2 Rb8 17.a5 b5 18.axb6 Rxb6 19.Qc2 Qb8 20.Ra2 Rb4 21.Bd3 Bd4 22.Bd2 Ne5
23.Bf1 Nc4 24.Bxc4 Rxc4 25.b3 Rb4 26.Ne2 Rxb3 27.Nxd4 cxd4 28.Ba5 Re7 29.Rd1
d3 30.Rxd3 Rxd3 31.Qxd3 Qb5 32.Qxb5 axb5 33.Rc2 Ne8 34.f3 Rb7 35.Rb2 f6 36.Kf2
Kf7 37.f4 Ng7 38.Ke3 {#r} 1-0

[Event "Tournament (open)"]
[Site "masterchessopen.com - Kouty nad Desnou (Czech Republic)"]
[Date "2011.03.12"]
[Round "1"]
[White "Kubicek Antonin (CZE)"]
[Black "Framberk Jan (CZE)"]
[Result "0-1"]
[WhiteElo "2279"]
[BlackElo "1975"]

1.d4 Nf6 2.Nf3 c5 3.d5 e6 4.c4 exd5 5.cxd5 d6 6.Nc3 g6 7.e4 Bg7 8.Be2 O-O
9.O-O Na6 10.Bf4 Re8 11.Nd2 Nc7 12.Re1 Rb8 13.a4 b6 14.Qc2 Nh5 15.Bxh5 gxh5
16.Nc4 Be5 17.Bxe5 dxe5 18.Qd2 Ba6 19.Ne3 Qg5 20.Qd1 Rbd8 21.Qf3 Bc8 22.Qg3 h6
23.Rad1 Kh8 24.Qxg5 hxg5 25.f3 h4 26.Kf2 Kg7 27.g3 hxg3+ 28.hxg3 Rh8 29.Rh1
Rxh1 30.Rxh1 Ne8 31.a5 bxa5 32.Nc4 f6 33.Nxa5 Nd6 34.Nb3 c4 35.Nc5 Rh8 36.Rxh8
Kxh8 37.g4 Kg7 38.Ke3 Kf7 39.Kd2 Ke7 40.Kc2 Kd8 {#R} 0-1

[Event "It (open)"]
[Site "masterchessopen.com - Philadelphia (USA)"]
[Date "2011.04.22"]
[Round "5"]
[White "Chiang Sarah (USA)"]
[Black "Yeager Daniel A (USA)"]
[Result "0-1"]
[WhiteElo "1981"]
[BlackElo "2301"]

1.d4 c5 2.d5 e6 3.c4 exd5 4.cxd5 d6 5.Nc3 g6 6.e4 Bg7 7.Nf3 Nf6 8.Be2 O-O
9.O-O Na6 10.Nd2 Nc7 11.a4 b6 12.Nc4 Ba6 13.Na3 Bxe2 14.Qxe2 Re8 15.Qc2 Nd7
16.Bf4 Ne5 17.Bg3 a6 18.h3 b5 19.axb5 axb5 20.Ncxb5 Nxb5 21.Nxb5 Qd7 22.Na3
Qe7 23.f3 Rab8 24.Ra2 Rb7 25.Rfa1 Reb8 26.Bxe5 Qxe5 27.Nc4 Qg3 28.Ra8 Bd4+
29.Kh1 Rxa8 30.Rxa8+ Kg7 31.Ra1 Rb4 32.Rd1 Rxc4 33.Qxc4 Be5 34.Kg1 Qh2+ 35.Kf2
Bg3+ 36.Ke3 Qxg2 37.Qe2 Bf4+ 38.Kd3 c4+ {#R} 0-1

[Event "Ch SibFO (open)"]
[Site "masterchessopen.com - Barnaul (Russia)"]
[Date "2011.05.28"]
[Round "9"]
[White "Kuznetsov Evgeny (RUS)"]
[Black "Larin Maxim (RUS)"]
[Result "1-0"]
[WhiteElo "2171"]
[BlackElo "2071"]

1.Nf3 g6 2.d4 Bg7 3.c4 Nf6 4.Nc3 c5 5.d5 O-O 6.e4 d6 7.Be2 e6 8.O-O exd5
9.cxd5 Nbd7 10.Bf4 Qe7 11.h3 Nxe4 12.Nxe4 Qxe4 13.Bxd6 Re8 14.Re1 Qb4 15.Bb5
Rxe1+ 16.Qxe1 Ne5 17.Bxe5 Qxb5 18.Bxg7 Kxg7 19.Qe5+ Kg8 20.a4 Qb6 21.Qe8+ Kg7
22.Re1 Qf6 23.a5 a6 24.Re3 b5 25.axb6 Bb7 26.Qd7 Qxb6 27.Re7 {#r} 1-0

[Event "Ch Colombia (1/2 final)"]
[Site "masterchessopen.com - Santa Rosa de Cabal (Colombia)"]
[Date "2011.06.26"]
[Round "10"]
[White "Guerrero Juan Carlos (COL)"]
[Black "Becerra Juan David (COL)"]
[Result "0-1"]
[WhiteElo "2245"]
[BlackElo "2267"]

1.d4 Nf6 2.Nf3 g6 3.c4 Bg7 4.Nc3 O-O 5.e4 d6 6.Be2 c5 7.d5 e6 8.O-O exd5
9.cxd5 Bg4 10.Re1 a6 11.a4 Qc7 12.Bf4 Nbd7 13.Nd2 Bxe2 14.Qxe2 Nh5 15.Be3 Bd4
16.Rec1 Qd8 17.Ra3 Ne5 18.Rb3 Rb8 19.Nd1 f5 20.Nc4 fxe4 21.Bxd4 cxd4 22.Nxe5
Qg5 23.Nd7 Nf4 24.Qf1 e3 {#R} 0-1

[Event "Cup Corporation Centre (open)"]
[Site "masterchessopen.com - Izhevsk (Russia)"]
[Date "2011.07.24"]
[Round "9"]
[White "Khismatullin Denis (RUS)"]
[Black "Dzhumaev Marat (UZB)"]
[Result "1-0"]
[WhiteElo "2635"]
[BlackElo "2492"]

1.d4 d6 2.Nf3 g6 3.c4 Nf6 4.Nc3 Bg7 5.e4 O-O 6.Be2 c5 7.d5 e6 8.O-O exd5
9.cxd5 b6 10.h3 Re8 11.Qc2 Ba6 12.Re1 Bxe2 13.Rxe2 Na6 14.Bf4 Nb4 15.Qd2 c4
16.Nb5 Nd3 17.Nxd6 Nxd5 18.Bg3 Bxb2 19.Rb1 Bc3 20.exd5 Bxd2 21.Rxe8+ Qxe8
22.Nxe8 Rxe8 23.Nxd2 c3 24.Nb3 c2 25.Rf1 Re4 26.d6 Kf8 27.f3 Re3 28.Nc1 Ke8
29.Nxd3 Rxd3 30.Bf4 f6 31.Kf2 Ra3 32.Ke2 Rxa2 33.Kd3 c1=Q 34.Rxc1 Rxg2 35.Rc8+
Kd7 36.Rc7+ Kd8 37.Rxa7 Rg1 38.Rxh7 g5 39.Bd2 {#r} 1-0

[Event "It (open)"]
[Site "masterchessopen.com - Goch (Germany)"]
[Date "2011.10.01"]
[Round "5"]
[White "Welzel Philipp (GER)"]
[Black "Boudkeev Timour"]
[Result "1-0"]
[WhiteElo "2045"]
[BlackElo "1874"]

1.d4 Nf6 2.c4 g6 3.Nf3 Bg7 4.Nc3 d6 5.e4 O-O 6.Be2 c5 7.d5 e6 8.O-O exd5
9.cxd5 b6 10.h3 Re8 11.Qc2 Ba6 12.Re1 Bxe2 13.Rxe2 Na6 14.Bf4 Nh5 15.Bh2 Qd7
16.e5 dxe5 17.Nxe5 Bxe5 18.Bxe5 Nb4 19.Qd2 f6 20.Bh2 Rxe2 21.Qxe2 Re8 22.Qd2
Ng7 23.a3 Na6 24.Qf4 Qe7 25.Qc4 Nb8 26.d6+ Qe6 27.Qf1 Nf5 28.Nb5 Qd7 29.Rd1
Nc6 30.Qc4+ Kg7 31.Nc7 Rc8 32.Ne6+ Kh8 33.b4 Ncd4 34.Nxd4 Nxd4 35.Re1 Re8
36.Rd1 Qa4 37.Rb1 Qxa3 38.Qf7 Qa4 39.d7 {#r} 1-0

[Event "Steirische Liga 2011/12"]
[Site "masterchessopen.com - Austria"]
[Date "2011.10.08"]
[Round "2"]
[White "Kubinger Thomas (AUT)"]
[Black "Pesorda Ivan (AUT)"]
[Result "0-1"]
[WhiteElo "2170"]
[BlackElo "2278"]

1.d4 c5 2.d5 Nf6 3.c4 e6 4.Nc3 exd5 5.cxd5 d6 6.e4 g6 7.Nf3 Bg7 8.Be2 O-O
9.O-O Na6 10.Nd2 Nc7 11.a4 b6 12.Nc4 Ba6 13.Bg5 h6 14.Bh4 Re8 15.Qc2 Qd7 16.f4
Ng4 17.Bf2 Nxf2 18.Kxf2 Bd4+ 19.Kg3 Bxc3 20.bxc3 Qe7 {#R} 0-1

[Event "Tournament (weekend) (a)"]
[Site "masterchessopen.com - Turin (Italy)"]
[Date "2011.11.01"]
[Round "6"]
[White "Macheda Andrea"]
[Black "Fassio Luca (ITA)"]
[Result "0-1"]
[WhiteElo "1915"]
[BlackElo "2101"]

1.d4 g6 2.c4 Bg7 3.Nc3 d6 4.e4 Nf6 5.Nf3 O-O 6.Be2 c5 7.d5 e6 8.O-O exd5
9.cxd5 b6 10.a4 Re8 11.Qc2 Ba6 12.Bb5 Bxb5 13.axb5 a5 14.h3 Nbd7 15.Bf4 Nf8
16.Nd2 Nh5 17.Bh2 g5 18.Nc4 Nf4 19.Bxf4 gxf4 20.g3 Ng6 21.Rae1 Ra7 22.Qd2 fxg3
23.fxg3 Rae7 24.Qg5 Ne5 25.Nxe5 Rxe5 26.Qf4 f5 27.g4 fxg4 28.hxg4 Qh4 29.Re2
Rf8 30.Qh2 Qxg4+ 31.Rg2 Rxf1+ 32.Kxf1 Qf3+ 33.Ke1 Rh5 34.Qg1 Qf6 35.Rg3 Rh4
36.Qg2 Qh6 37.Ne2 Kh8 38.Kd1 Rh2 39.Qf3 Qf6 40.Qg4 Qf1+ 41.Kd2 Rxe2+ 42.Qxe2
Qf4+ 43.Qe3 Bh6 44.Kd3 Qxe3+ 45.Rxe3 Bxe3 46.Kxe3 Kg7 {#R} 0-1

[Event "Tournament (team)"]
[Site "masterchessopen.com - Medellin (Colombia)"]
[Date "2011.11.03"]
[Round "2"]
[White "Zapata Juan Carlos (COL)"]
[Black "Guerrero Juan Carlos (COL)"]
[Result "1-0"]
[WhiteElo "2114"]
[BlackElo "2245"]

1.d4 Nf6 2.c4 c5 3.d5 e6 4.Nc3 exd5 5.cxd5 d6 6.e4 g6 7.Nf3 Bg7 8.Be2 O-O
9.O-O Bg4 10.Nd2 Bxe2 11.Qxe2 Nbd7 12.Nc4 Nb6 13.Bg5 Re8 14.Qd3 Nxc4 15.Qxc4
a6 16.a4 Qb6 17.a5 Qb4 18.Ra4 Qxc4 19.Rxc4 Ng4 20.Ra4 Rac8 21.e5 Nxe5 22.Ne4
f6 23.Bxf6 Nf7 24.Bxg7 Kxg7 25.f4 c4 26.Nc3 Kf6 27.Rb4 Rc7 28.Kf2 Nh6 29.Rb6
Kf5 30.Rxd6 Kxf4 31.Kg1+ Ke5 32.Rxg6 hxg6 33.Re1+ Kd4 34.Rxe8 Kd3 35.d6 Rd7
36.Ne4 Kd4 37.Re6 Ng4 38.Re7 Ne5 39.Ng5 Rxd6 40.Rxe5 Kxe5 41.Nf7+ Ke6 42.Nxd6
Kxd6 43.Kf2 Ke5 44.Ke3 g5 45.h3 Kf5 46.g3 Ke5 47.h4 {#r} 1-0

[Event "Ch World (juniors) (under 12)"]
[Site "masterchessopen.com - Caldas Novas (Brazil)"]
[Date "2011.11.20"]
[Round "4"]
[White "Tang Andrew"]
[Black "Polyakov Fedor P"]
[Result "1-0"]
[WhiteElo "1921"]
[BlackElo "1763"]

1.d4 Nf6 2.c4 e6 3.Nc3 c5 4.d5 exd5 5.cxd5 d6 6.e4 g6 7.Nf3 Bg7 8.Be2 O-O
9.O-O Bg4 10.Nd2 Bxe2 11.Qxe2 Re8 12.f3 Nbd7 13.Nb5 Nb6 14.Qd3 a6 15.Na3 Nbd7
16.Rb1 b5 17.b3 Nb6 18.Bb2 Rc8 19.Nc2 c4 20.bxc4 bxc4 21.Qa3 c3 22.Bxc3 Rxc3
23.Qxc3 Nxe4 24.Qa5 Nxd2 25.Qxd2 Na4 26.Nd4 Qd7 27.Nc6 Nc3 28.Rbe1 Rxe1
29.Rxe1 h6 30.Re7 Qf5 31.Re1 Kh7 32.Ne7 Qd7 33.Qd3 Qa7+ 34.Kf1 Qb6 35.Qc4 Qb2
36.Qc8 Qb5+ 37.Kf2 Bd4+ 38.Kg3 h5 39.Qg8+ Kh6 40.Qxf7 Qd3 41.Ng8+ Kg5 42.h4#
1-0